000 01611cam a22001694a 4500
005 20250605163322.0
008 250528s ||||||||||||||||||||||||d
035 _a16789
040 _aGR-AtMCL
_bgre
_dGR-AtMCL
_eAACR2
245 1 _aΠνευματικά Δικαιώματα / Οδηγός για Δημοσιογράφους
260 _bΕυρωπαική Ομοσπονδία Δημοσιογράφων (Ε.Ο.Δ.)
_bΠανελλήνια Ομοσπονδία Ενώσεων Συντακτών (Π.Ο.Ε.Συ),
_c2004
300 _a56
520 _aΕισαγωγή, Βασικά Στοιχεία των Πνευματικών Δικαιωμάτων, Η Σημασία των Ηθικών Δικαιωμάτων, Οικονομικά Προβλήματα, Διαφορές Μεταξύ Freelancers και Εξαρτημένων Δημοσιογράφων, Ευρωπϊκές Οδηγίες, Πνευματικά Δικαιώματα στην Κοινωνία της Πληροφορίας, Κατευθυντήριες Γραμμές για τη Σύναψη Συμβολαίων, Συλλογικές Συμφωνίες, Ατομικές Συμφωνίες με Συλλογική Προστασία, Η Τρέχουσα Κατάσταση σε Σχέση με τα Συμβόλαια, Εταιρίες Συλλογικής Διαχείρισης, Παραβίαση, Διεθνής Συνεργασία, Μελλοντική Προσέγγιση, Κατάλογος Συντμήσεων, Τι Προβλέπει η Ελληνική Νομοθεσία.
942 _cBK
999 _c2252
_d2252